| 000 | 00643nam a22002177a 4500 | ||
|---|---|---|---|
| 001 | 9036 | ||
| 003 | FISKH | ||
| 005 | 20251117100523.0 | ||
| 008 | 251117b cb ||||| |||| 00| 0 eng d | ||
| 020 | _a9780663547104 | ||
| 040 |
_aFISKH _beng _cFISKH _dFISKH |
||
| 050 | _aPZ7 | ||
| 100 | _aBauman, James F. | ||
| 245 |
_a All through the town , Out came the sun , Morning bells / _cBy James F. Bauman |
||
| 250 | _aTeacher Edition | ||
| 260 |
_aMass : _bSilver Burdett Ginn , _c1993. |
||
| 300 |
_a420 pages : _bcolor illustrations ; _c30 cm . |
||
| 490 | _a New dimensions in the world of reading | ||
| 942 |
_2ddc _cBK _n0 |
||
| 999 |
_c9036 _d9036 |
||